An introduction to X-ray metallography /

Bibliographic Details
Main Author: Taylor, A. (Abraham)
Format: Book
Language:English
Published: New York : Wiley, 1949.
Edition:Reprinted (with corrections).
Subjects:

MARC

Tag First Indicator Second Indicator Subfields
LEADER 00000cam a2200000 4500
001 in00000093827
005 20150927070223.0
008 750724r1949 eng u
035 |a (OCoLC)01472187 
035 |9 AAL5677AM 
040 |c WSU  |d TXA  |d UtOrBLW 
049 |a TXAM  |c [379172] 
090 |a TN690  |b .T38 1949 
100 1 |a Taylor, A.  |q (Abraham) 
245 1 3 |a An introduction to X-ray metallography /  |c by A. Taylor ... with a foreword by Sir Lawrence Bragg. 
250 |a Reprinted (with corrections). 
264 1 |a New York :  |b Wiley,  |c 1949. 
300 |a xi, 400 pages :  |b including illustrations, tables, diagrams plates (2 folded in pocket) ;  |c 25 cm. 
336 |a text  |b txt  |2 rdacontent 
337 |a unmediated  |b n  |2 rdamedia 
338 |a volume  |b nc  |2 rdacarrier 
500 |a "First published 1945." 
504 |a "References": pages 326-328. 
650 0 |a Metallography. 
650 0 |a X-rays  |x Industrial applications. 
740 0 |a X-ray metallography. 
999 |a MARS 
999 f f |s bf391412-e72d-31e9-9870-01d69f61d4d0  |i f7adf630-1856-3ad2-b77a-4c1de7bef2ac  |t 0 
952 f f |p ric  |a Texas A&M University  |b Rellis Campus  |c Joint Library Facility  |s JLF  |d Remote Storage  |t 0  |e TN690 .T38 1949  |h Library of Congress classification  |i unmediated -- volume  |m A14805581309 
998 f f |a TN690 .T38 1949  |t 0  |l Remote Storage